000 00655nam a22002417a 4500
999 _c354423
_d354423
001 120070
003 UA-OsUOA
005 20200221094123.0
007 ta
008 20161206b un ||||| |||| 00| 0 ukr d
020 _a9786170700742
040 _aUA-OsUOA
_bukr
_cUA-OsUOA
_dUA-OsUOA
041 _aukr
080 _a94(477)(075.8)
090 _a94(477)(075.8)
_bЛ17
100 _aЛазарович М. В.
245 _aІсторія України
_bнавч. посіб.
260 _aК.
_bЗнання
_c2013
300 _a685 с.
650 7 _a9 Географія. Біографії. Історія
_2UDC
942 _cBK
_2udc
955 _a2